000 00820nam 22001813 4500
001 202820
090 _a202820
100 _a20260701d u||y0pory50 ba
200 _aAspects of time, place and thematic content in the prose fiction of José Rodrigues Miguéis as indications of yhe artist's Weltansicht
_fJohn Austin Kerr, Jr
210 _aWisconsin
_cUniversity
_d1970
215 _a2 vols (1046 p.)
_cencadernado
_d28 cm
300 _aA thesis present to the Graduate School of the University of Wisconsin in partial fulfillment of the requirements for the degree of Doctor of Philosophy Contém dedicatória na folha de rosto
675 _a821.111(73)
_vUS
_zeng
675 _a82.09
_vUs
_zeng
700 _917676
_aKerr, Jr.
_bJohn Austin
_f1934-2025
801 _aPT
_bBMMN
_gRPC
830 _cAna Falardo
_fAna Falardo
990 _cLIVROS